Cultural : (Registro nro. 21755)

Detalles MARC
000 -Cabecera
Campo de control interno 00863nam a2200277Ia 4500
005 - Fecha y hora del registro
control field 20260320113310.0
008 - Elementos de Longitud Fija
fixed length control field 260320s9999||||xx |||||||||||||| ||und||
022 ## - ISSN
ISSN 28108256
041 ## - Idioma
Codigo Idioma ESP
082 ## - DEWEY y NOTACIÓN INTERNA
Dewey HR 056 JUN 2025
Notación Interna CULTURAL.2
100 ## - AUTOR
Autor denominación
Término de relación
110 ## - AUTOR INSTTITUCIONAL
Autor Institucional Centro Cultural Peruano Norteamericano de Arequipa
245 #0 - TÍTULO DE MATERIAL BIBLIOGRÁFICO
Título Cultural :
Título paralelo revista anual del Centro Cultural Peruano Norteamericano de Arequipa
246 ## - TÍTULO TRADUCIDO
Título
Título paralelo
Autor
260 ## - CIUDAD, EDITORIAL, AÑO
Ciudad Arequipa :
Nombre de la Editorial Centro Cultural Peruano Norteamericano,
Año 2025
300 ## - DESCRIPCIÓN
N° Páginas 126 páginas :
Otros detalles ilustraciones, fotografías ;
Dimensiones 24 cm.
Material Adicional
440 ## - MENCIÓN DE SERIE
Título de la Serie
Número de Serie
Volumen de Serie
505 ## - TABLA DE CONTENIDO
Tabla de Contenido N° 4 (2025)
650 ## - TEMAS
Temas Generalidades
653 ## - DESCRIPTORES
Lenguajes no controlado Cultura - Revista
654 ## - PROGRAMAS
Programa Dpto. de Humanidades
700 ## - OTROS AUTORES
Otros autores
Títulos y otras palabras asociadas con el nombre
856 ## - URL - UBICACIÓN
URI/URL: Enlace exacto del recurso <a href="https://revistas.ucsp.edu.pe/">https://revistas.ucsp.edu.pe/</a>
Nota pública: Versión digital <a href="Véase además: Revistas académicas UCSP">Véase además: Revistas académicas UCSP</a>
942 ## - ELEMENTOS DE KOHA
Tipo de documento Revista
Nombre del creador Justo Noguera
Código de catalogador Margarita Torres
Esquema de clasificación Dewey Decimal Classification
Suppress in OPAC
Existencias
Codigo completo Registro Colección Copia número Disponibilidad Tipo de préstamo Biblioteca Actual Procedencia (Biblioteca) Ubicacón Fecha Ingreso Tipo de Adquisición Observación Date last seen Total checkouts Price effective from Tipo de Item Estado del Material Fuente de Clasificación Damaged status Withdrawn status
HR 056 JUN 2025 CULTURAL.2 1085308 Universidad Católica San Pablo 2 Disponible Disponible Víctor Andrés Belaunde Víctor Andrés Belaunde Planta baja abierta 10/03/2026 Donación Rectorado UCSP 20/03/2026   20/03/2026 Revista Bueno Dewey Decimal Classification